[Event "HUN-chT2 Barcza 0910"]
[Site "Hungary"]
[Date "2010.02.14"]
[Round "6.8"]
[White "Kovacs, Laszlo"]
[Black "Peiker, Tamas"]
[Result "1-0"]
[WhiteElo "2106"]
[BlackElo "1905"]
[PlyCount "93"]
[EventDate "2009.11.08"]
[EventType "team-tourn"]
[EventRounds "11"]
[EventCountry "HUN"]
[SourceTitle "EXT 2011"]
[Source "ChessBase"]
[SourceDate "2010.11.26"]
[SourceVersion "1"]
[SourceVersionDate "2010.11.26"]
[SourceQuality "1"]
[WhiteTeam "HSSE"]
[BlackTeam "SSASSE"]
[WhiteTeamCountry "HUN"]
[BlackTeamCountry "HUN"]

1. d4 d5 2. c4 c6 3. Nf3 Nf6 4. cxd5 cxd5 5. Nc3 Nc6 6. Bf4 Bf5 7. e3 e6 8. Bd3 Bxd3 9. Qxd3 Bd6 10. Bg5 h6 11. Bh4 Be7 12. 0-0 0-0 13. Rfc1 Rc8 14. a3 Na5 15. Rc2 a6 16. Nd2 Qd7 17. Rac1 Nc4 18. Bxf6 Bxf6 19. Nxc4 dxc4 20. Qe4 b5 21. Qf4 Qc7 22. Qf3 Qc6 23. Ne4 Be7 24. a4 f5 25. Nd2 Qxf3 26. gxf3 Bb4 27. Nf1 Rc7 28. axb5 axb5 29. Ra1 c3 30. Ra6 Rf6 31. Rb6 Rg6+ 32. Ng3 cxb2 33. Rxb2 Ba3 34. R2xb5 Rc1+ 35. Kg2 h5 36. h4 Kh7 37. Re5 Be7 38. Rexe6 Rxe6 39. Rxe6 Bxh4 40. Nxf5 Bf6 41. e4 Kg6 42. d5 Kf7 43. e5 Bxe5 44. Rxe5 Kf6 45. f4 g5 46. Ne3 gxf4 47. Rxh5 1-0

[Event "HUN-chT2 Barcza 0910"]
[Site "Hungary"]
[Date "2010.01.31"]
[Round "5.9"]
[White "Kemendi, Daniel"]
[Black "Peiker, Tamas"]
[Result "0-1"]
[WhiteElo "1704"]
[BlackElo "1905"]
[PlyCount "78"]
[EventDate "2009.11.08"]
[EventType "team-tourn"]
[EventRounds "11"]
[EventCountry "HUN"]
[SourceTitle "EXT 2011"]
[Source "ChessBase"]
[SourceDate "2010.11.26"]
[SourceVersion "1"]
[SourceVersionDate "2010.11.26"]
[SourceQuality "1"]
[WhiteTeam "Miskolc"]
[BlackTeam "SSASSE"]
[WhiteTeamCountry "HUN"]
[BlackTeamCountry "HUN"]

1. e4 c5 2. Nf3 d6 3. d4 cxd4 4. Nxd4 Nf6 5. f3 g6 6. Be3 Bg7 7. c3 0-0 8. Bd3 Nc6 9. Nxc6 bxc6 10. 0-0 Qc7 11. Nd2 c5 12. Qc2 Be6 13. Bc4 Bxc4 14. Nxc4 Nd7 15. Bf4 Nb6 16. Ne3 Qb7 17. Rfd1 Rab8 18. Rab1 Rfd8 19. Nd5 Nxd5 20. Rxd5 Qa6 21. b3 Qc6 22. Rd2 Rb7 23. c4 Bd4+ 24. Kh1 Rdb8 25. Qd3 a5 26. Qe2 a4 27. Rd3 axb3 28. axb3 Rb4 29. Qa2 Qb7 30. Qc2 Ra8 31. Bd2 Rb6 32. Bc3 e5 33. h3 Rba6 34. Qd1 Kf8 35. Qd2 Kg7 36. Qc2 Ra2 37. Qd1 f5 38. exf5 gxf5 39. f4 Qxg2# 0-1